LEADER 01148nam0 2200277 450 001 000023823 005 20090604105810.0 100 $a20081211d1953----km-y0itaa50------ba 101 1 $aita 102 $aIt 200 1 $a<> pace giusta per tutti$ediscorso del presidente Dwight D. Eisenhower all'Associazione Americana dei Direttori di Giornale 210 $a[S.l.]$c[S.n.]$dstampa 1953 (Roma : Apollon) 215 $a28 p.$c1 ritr.$d17 cm. 600 1$aEisenhower,$bDwight D.$xDiscorsi politci 607 $aStati Uniti d'America$xPolitica estera$z1953-1956 676 $a973.921$v(21. ed.)$9Storia degli Stati Uniti. Amministrazione di Dwight D. Eisenhower. 1953-1961 700 1$aEisenhower,$bDwight D.$0239784 801 0$aIT$bUniversità della Basilicata - B.I.A.$gRICA$2unimarc 912 $a000023823 996 $aPace giusta per tutti$991811 997 $aUNIBAS BAS $aLETTERE CAT $aSTD069$b01$c20081211$lBAS01$h1615 CAT $aTTM$b30$c20090604$lBAS01$h1058 FMT Z30 -1$lBAS01$LBAS01$mBOOK$1BASA1$APolo Storico-Umanistico$2FDEP2$BFondo De Pilato Biscione$3FD/108360$6108360$5L108360$820090604$f52$FRari LEADER 01237nam2-2200361---450- 001 990000631690203316 005 20160212150019.0 035 $a0063169 035 $aUSA010063169 035 $a(ALEPH)000063169USA01 035 $a0063169 100 $a20010914d1809----km-y0itay0103----ba 101 $aita 102 $aIT 105 $a||||||||001yy 200 1 $a<> Lettere a'suoi congiunti, ed amici, ed altri gentiluomini viniziani scritte$edivise in dodici libri$fdi M.Pietro Bembo 210 $aMilano$cDalla Società Tipografica de'classici italiani$d1809 215 $a413 p.$d22 cm 461 1$10010063103$12001$aOpere del cardinale Pietro Bembo 676 $a858.3 700 1$aBEMBO,$bPietro$039289 912 $a990000631690203316 951 $aF.V. A 63/6$b36488 L.M.$cF.V. A 63/ 959 $aBK 969 $aANT 979 $aPAOLA$b40$c20010914$lUSA01$h1343 979 $aPAOLA$b40$c20010914$lUSA01$h1343 979 $aPAOLA$b40$c20010914$lUSA01$h1344 979 $c20020403$lUSA01$h1712 979 $aPATRY$b90$c20040406$lUSA01$h1644 979 $aPATRY$b90$c20160212$lUSA01$h1500 996 $aLettere a'suoi congiunti, ed amici, ed altri gentiluomini viniziani scritte$91570709 997 $aUNISA